00245nam a22000857a 4500008004100000082002100041245003100062260005700093300000900150230620b xxu||||| |||| 00| 0 eng d a321.67bOYU 1992 aPolitics and Administation aGermanybKonrad Adenauer Foundation and Editorc1992 a545p